König Pál, Az esszeusok eredete. Bölcsészdoktori értekezés. Budapest könyvismertetés /

Elmentve itt :
Bibliográfiai részletek
Szerző: Telegdi Zsigmond
További közreműködők: König Pál
Dokumentumtípus: Cikk
Megjelent: 1937
Sorozat:Egyetemes philologiai közlöny
Kulcsszavak:Esszénusok - könyvismertetés
Tárgyszavak:
Online Access:http://misc.bibl.u-szeged.hu/66324
LEADER 00938nab a2200265 i 4500
001 misc66324
005 20240924105853.0
008 230808s1937 hu o 000 hun d
040 |a SZTE Miscellanea Repozitórium  |b hun 
041 |a hun 
041 |a ger 
100 1 |a Telegdi Zsigmond 
245 1 0 |a König Pál, Az esszeusok eredete. Bölcsészdoktori értekezés. Budapest   |h [elektronikus dokumentum] :  |b könyvismertetés /  |c  Telegdi Zsigmond 
260 |c 1937 
300 |a 265-266  |c 23 cm 
300 |a [2] p.  |c 23 cm 
490 0 |a Egyetemes philologiai közlöny 
561 |a Németh Gyula hagyaték 
591 |a NOZ 5972 
650 4 |a Bölcsészettudományok 
650 4 |a Történettudomány és régészet 
650 4 |a Filozófia, etika és vallástudományok 
695 |a Esszénusok - könyvismertetés 
700 0 1 |a König Pál 
856 4 0 |u http://misc.bibl.u-szeged.hu/66324/1/5972_noz_01.pdf  |z Dokumentum-elérés